Statystyki dla Państwa Unii Afrykańskiej

Kliknij tutaj aby rozwiązać quiz!

Ogólne statystyki

  • Ten quiz został rozwiązany 48 razy
  • Średni wynik to 48 z 54

Statystyki odpowiedzi

Odpowiedź% Poprawnych
Algieria
100%
Egipt
100%
Etiopia
98%
Erytrea
95%
Kamerun
95%
Libia
95%
Madagaskar
95%
Maroko
95%
Mauretania
95%
Niger
95%
Nigeria
95%
Sudan
95%
Tunezja
95%
Czad
93%
Demokratyczna Republika Konga
93%
Mali
93%
Mauritius
93%
Mozambik
93%
Południowa Afryka
93%
Republika Konga
93%
Somalia
93%
Sudan Południowy
93%
Uganda
93%
Angola
90%
Dżibuti
90%
Eswatini
90%
Gwinea
90%
Kenia
90%
Liberia
90%
Republika Środkowoafrykańska
90%
Senegal
90%
Togo
90%
Wybrzeże Kości Słoniowej
90%
Zambia
90%
Benin
88%
Botswana
88%
Ghana
88%
Gwinea Bissau
88%
Gwinea Równikowa
88%
Zimbabwe
88%
Komory
86%
Lesotho
86%
Burkina Faso
83%
Burundi
83%
Gabon
83%
Gambia
83%
Namibia
83%
Seszele
83%
Rwanda
81%
Republika Zielonego Przylądka
79%
Tanzania
79%
Sierra Leone
76%
Wyspy Świętego Tomasza i Książęca
76%
Malawi
67%

Rozkład punktacji

Percentyl według liczby udzielonych odpowiedzi

Procent ludzi z każdym wynikiem

Twoja historia wyników

Nie rozwiązałeś tego quizu